[Event "Lichtenrader Herbst 2007"]
[Site "?"]
[Date "2007.10.19"]
[Round "6.16"]
[White "Salzberg, Gregor"]
[Black "Glantz, Robert"]
[Result "1/2-1/2"]
[WhiteElo "2142"]
[BlackElo "2018"]
[PlyCount "93"]
[EventDate "2007.??.??"]

1. c4 e5 2. Nc3 Nf6 3. g3 d5 4. cxd5 Nxd5 5. Bg2 Nb6 6. Nf3 Nc6 7. O-O Be7 8.
d3 O-O 9. Bd2 Kh8 10. a3 f5 11. b4 a6 12. Qb3 Nd4 13. Nxd4 exd4 14. Na4 Nxa4
15. Qxa4 c6 16. Qb3 Rf6 17. a4 Rd6 18. Qb2 Be6 19. Rfc1 Bd5 20. Bf4 Re6 21. Bh3
Qf8 22. b5 axb5 23. axb5 Ba3 24. Rxa3 Rxa3 25. bxc6 bxc6 26. Bf1 Ra4 27. Qb6
Rb4 28. Qc7 h6 29. Ra1 Kh7 30. Ra7 Rf6 31. Qa5 Rb5 32. Qa6 Rf7 33. Rxf7 Qxf7
34. Be5 Rb4 35. f4 Qe7 36. Qc8 Qe6 37. Qf8 Rb7 38. Bxd4 Rf7 39. Qb4 Rd7 40. Be5
Qg6 41. Qd4 Rb7 42. Qc5 Qh5 43. Qf8 Qg4 44. Kf2 Qh5 45. Kg1 Rf7 46. Qd6 Rb7 47.
Qf8 1/2-1/2

[Event "Lichtenrader Herbst 2007"]
[Site "?"]
[Date "2007.10.19"]
[Round "6.17"]
[White "Hein, Carsten"]
[Black "Müller, Peter"]
[Result "1-0"]
[WhiteElo "2133"]
[BlackElo "2003"]
[PlyCount "91"]
[EventDate "2007.??.??"]

1. e4 e5 2. Nf3 Nc6 3. Bb5 a6 4. Ba4 Nf6 5. O-O b5 6. Bb3 Be7 7. c3 O-O 8. Re1
d5 9. exd5 Nxd5 10. Nxe5 Nxe5 11. Rxe5 c6 12. d4 Bd6 13. Re1 Qh4 14. g3 Qh3 15.
Be3 Bg4 16. Qd3 Rae8 17. Nd2 f5 18. f4 g5 19. Qf1 gxf4 20. Bxf4 Qxf1+ 21. Kxf1
Bxf4 22. gxf4 Kh8 23. Bxd5 cxd5 24. Rxe8 Rxe8 25. Re1 Bh3+ 26. Kf2 Rf8 27. Rg1
Re8 28. Rg3 Bg4 29. Re3 Rc8 30. a3 a5 31. Nb3 b4 32. Nxa5 bxa3 33. bxa3 Ra8 34.
Nc6 Rxa3 35. Ne7 Ra5 36. h3 Bh5 37. Nxf5 Bg6 38. Ng3 Ra2+ 39. Kf3 Bf7 40. Kg4
Kg7 41. Kf5 Rh2 42. Ke5 Rf2 43. Nf5+ Kf8 44. Nd6 Bg8 45. f5 h5 46. Kf6 1-0

[Event "Lichtenrader Herbst 2007"]
[Site "?"]
[Date "2007.10.19"]
[Round "6.18"]
[White "Radovanovic, Jovica"]
[Black "Sauermann, Andreas"]
[Result "1-0"]
[WhiteElo "2355"]
[BlackElo "1913"]
[PlyCount "71"]
[EventDate "2007.??.??"]

1. e4 c5 2. Nf3 d6 3. d4 cxd4 4. Nxd4 Nf6 5. Nc3 a6 6. a4 e6 7. Be2 Be7 8. O-O
O-O 9. f4 Nbd7 10. Bf3 Qc7 11. Kh1 Rb8 12. g4 b6 13. g5 Ne8 14. Bg2 Bb7 15. f5
exf5 16. exf5 Bxg2+ 17. Kxg2 Qc5 18. Nb3 Qc6+ 19. Qf3 Rc8 20. Qxc6 Rxc6 21. Bf4
Nc7 22. Rad1 Re8 23. Nd4 Rc4 24. Kg3 Ne5 25. Rfe1 f6 26. h4 g6 27. gxf6 Bxf6
28. Ne4 Be7 29. b3 gxf5 30. bxc4 fxe4 31. Bxe5 dxe5 32. Nf5 Bc5 33. Rxe4 Re6
34. Rd7 Rg6+ 35. Rg4 Bf2+ 36. Kxf2 1-0

[Event "Lichtenrader Herbst 2007"]
[Site "?"]
[Date "2007.10.19"]
[Round "6.19"]
[White "Gebigke, Martin"]
[Black "Kohl, Ingo"]
[Result "1-0"]
[WhiteElo "2181"]
[BlackElo "1964"]
[PlyCount "95"]
[EventDate "2007.??.??"]

1. e4 c5 2. Nc3 Nc6 3. Nf3 d6 4. Bc4 e6 5. d4 cxd4 6. Nxd4 Nf6 7. Bb3 Be7 8.
Be3 O-O 9. Qe2 a6 10. O-O-O Bd7 11. f3 b5 12. Nxc6 Bxc6 13. e5 Ne8 14. Ne4 Bxe4
15. fxe4 Qc7 16. exd6 Nxd6 17. Qg4 Rfd8 18. Bd4 Bf8 19. Bf6 Rdc8 20. Be5 Rd8
21. Rd3 Qc5 22. Bf6 Rdc8 23. Bd4 Qc6 24. Re1 a5 25. Rc3 Qd7 26. Rg3 Ne8 27. Rd1
Qc7 28. c3 a4 29. Bc2 e5 30. Bf2 Nf6 31. Qf5 Qc6 32. Rd2 b4 33. Kb1 g6 34. Qxe5
b3 35. Bd3 Bd6 36. Qxf6 Bxg3 37. Qxc6 Rxc6 38. Bxg3 Rd8 39. Be5 Re6 40. Bd4 Kf8
41. g4 Ke7 42. g5 Rb8 43. Rf2 Ke8 44. a3 Rb7 45. Kc1 Kd8 46. Kd2 Kc8 47. Bc4
Ree7 48. Ba6 1-0

[Event "Lichtenrader Herbst 2007"]
[Site "?"]
[Date "2007.10.19"]
[Round "6.20"]
[White "Röblitz, Peter"]
[Black "Albrecht, Rainer"]
[Result "1-0"]
[WhiteElo "1962"]
[BlackElo "2179"]
[PlyCount "111"]
[EventDate "2007.??.??"]

1. d4 e6 2. Bf4 f5 3. e3 Nf6 4. Nf3 b6 5. Bd3 Bb7 6. Nbd2 Be7 7. Qe2 Ne4 8. h3
Bf6 9. Rg1 d6 10. O-O-O Nd7 11. g4 e5 12. dxe5 dxe5 13. Nxe5 Nc3 14. bxc3 Nxe5
15. Bxe5 Bxe5 16. Bb5+ c6 17. Nb1 Qe7 18. Bc4 Bd6 19. Rxd6 Qxd6 20. gxf5 O-O-O
21. Rxg7 b5 22. Be6+ Kb8 23. c4 Ka8 24. cxb5 cxb5 25. Qxb5 Qd1+ 26. Kb2 Be4 27.
Bb3 Rb8 28. Rxa7+ Kxa7 29. Qa4+ Kb6 30. Qxe4 Rbd8 31. Nc3 Qd6 32. Nd5+ Ka7 33.
f4 Rhe8 34. Qa4+ Kb7 35. e4 Qc5 36. f6 Ra8 37. f7 Rf8 38. Qc4 Qxc4 39. Bxc4 Kc6
40. Ne3 Kc5 41. Bd5 Rac8 42. c3 Rb8+ 43. Kc2 Rb6 44. Ng4 Rg6 45. f5 Ra6 46. Kd3
Kd6 47. Kd4 Ke7 48. f6+ Rxf6 49. Nxf6 Kxf6 50. e5+ Ke7 51. a4 Rb8 52. a5 Rb5
53. a6 Ra5 54. Bc4 Kf8 55. e6 Ke7 56. Kd3 1-0

[Event "Lichtenrader Herbst 2007"]
[Site "?"]
[Date "2007.10.20"]
[Round "7.1"]
[White "Lagunow, Alexander"]
[Black "Korneev, Oleg"]
[Result "0-1"]
[WhiteElo "2438"]
[BlackElo "2587"]
[PlyCount "48"]
[EventDate "2007.??.??"]

1. d4 d5 2. c4 e6 3. Nf3 Nf6 4. Nc3 c6 5. e3 Nbd7 6. Bd3 dxc4 7. Bxc4 b5 8. Bd3
a6 9. e4 c5 10. d5 Qc7 11. O-O Bb7 12. dxe6 fxe6 13. b3 O-O-O 14. Qe2 Bd6 15.
Bb2 Ne5 16. Nxe5 Bxe5 17. h3 h5 18. Rfd1 Bd4 19. Rd2 Qf4 20. Rad1 Ng4 21. Qe1
Qh2+ 22. Kf1 Nxf2 23. Rxf2 Rhf8 24. Rdd2 Qh1+ 0-1

[Event "Lichtenrader Herbst 2007"]
[Site "?"]
[Date "2007.10.20"]
[Round "7.2"]
[White "Rabiega, Robert"]
[Black "von Wantoch Rekowski, Danijela"]
[Result "1-0"]
[WhiteElo "2545"]
[BlackElo "2242"]
[PlyCount "79"]
[EventDate "2007.??.??"]

1. e4 e5 2. Nf3 Nc6 3. Bb5 a6 4. Ba4 Nf6 5. O-O b5 6. Bb3 Be7 7. Re1 d6 8. c3
O-O 9. h3 Bb7 10. d4 h6 11. Nbd2 Re8 12. Nf1 Bf8 13. Ng3 Na5 14. Bc2 c5 15. d5
g6 16. b3 Bc8 17. Be3 Kh7 18. Nd2 Qc7 19. Qe2 Bg7 20. Bd3 Bd7 21. Qf1 g5 22.
Rac1 Nb7 23. f3 Ng8 24. Nf5 Ne7 25. g3 Qc8 26. Nxe7 Rxe7 27. Kh2 f5 28. exf5
Bxf5 29. Ne4 Kh8 30. a4 bxa4 31. bxa4 c4 32. Bxc4 Bxh3 33. Qxh3 Qxc4 34. Bxg5
Rf7 35. Kg1 Raf8 36. Bxh6 Rxf3 37. Be3+ Kg8 38. Ng5 Qd3 39. Qe6+ Kh8 40. Kg2
1-0

[Event "Lichtenrader Herbst 2007"]
[Site "?"]
[Date "2007.10.20"]
[Round "7.3"]
[White "Prudlo, Simon"]
[Black "Battaglini, Gabriel"]
[Result "1/2-1/2"]
[WhiteElo "2245"]
[BlackElo "2295"]
[PlyCount "140"]
[EventDate "2007.??.??"]

1. e4 c6 2. c4 d5 3. cxd5 cxd5 4. exd5 Nf6 5. Nc3 Nxd5 6. d4 Nc6 7. Nf3 e6 8.
Bd3 Bb4 9. Bd2 Be7 10. O-O O-O 11. Qe2 Nf6 12. Ne4 Nxe4 13. Qxe4 g6 14. Bh6 Re8
15. Rad1 Bf6 16. Qf4 Bg7 17. Bxg7 Kxg7 18. Ne5 Qf6 19. Qe3 Rd8 20. Be4 Bd7 21.
Ng4 Qh4 22. Bf3 h5 23. Qh6+ Kg8 24. Rfe1 Qe7 25. Ne5 Be8 26. Nxc6 bxc6 27. Re3
Qf6 28. Red3 Rab8 29. b3 Rb4 30. Qd2 Qe7 31. Qe2 Rb5 32. Rc3 Qf6 33. Bxc6 Bxc6
34. Rxc6 Rbd5 35. Qa6 Rxd4 36. Rxd4 Rxd4 37. Rc1 Rd2 38. Qxa7 Qb2 39. Rf1 h4
40. h3 Qxa2 41. Qxa2 Rxa2 42. Rb1 Kf8 43. b4 Ke8 44. b5 Kd8 45. Rb4 Ra1+ 46.
Kh2 Rf1 47. b6 Kc8 48. Rc4+ Kb7 49. Rc7+ Kxb6 50. Rxf7 e5 51. Re7 Rxf2 52. Rxe5
Rf6 53. Rg5 Kc6 54. Rg4 Kd5 55. Rxh4 Ke5 56. Kg3 Rb6 57. Rf4 g5 58. Rf8 Rb4 59.
Kf3 Ke6 60. Ra8 Kf5 61. Ra5+ Kf6 62. g4 Rf4+ 63. Ke3 Rb4 64. Rf5+ Kg6 65. Rd5
Kf6 66. Rd4 Rb3+ 67. Ke4 Rxh3 68. Rd6+ Kg7 69. Kf5 Rf3+ 70. Kxg5 Rf7 1/2-1/2

[Event "Lichtenrader Herbst 2007"]
[Site "?"]
[Date "2007.10.20"]
[Round "7.4"]
[White "Maahs, Erich"]
[Black "Marcziter, Dmitrii"]
[Result "0-1"]
[WhiteElo "2152"]
[BlackElo "2249"]
[PlyCount "71"]
[EventDate "2007.??.??"]

1. e4 c5 2. Nf3 a6 3. d4 cxd4 4. Nxd4 Nf6 5. Nc3 d6 6. Bd3 e6 7. O-O b5 8. a3
Bb7 9. f4 Nbd7 10. Kh1 Qc7 11. Bd2 Be7 12. Qf3 h5 13. Rae1 h4 14. Qh3 O-O-O 15.
Ndxb5 axb5 16. Nxb5 Qb8 17. Ba5 Qa8 18. Bxd8 Kxd8 19. e5 Ne4 20. Bxe4 Bxe4 21.
exd6 Bf6 22. c3 Nc5 23. Rd1 Kd7 24. Rf2 Qa5 25. Rfd2 Qxb5 26. Qe3 h3 27. b4
Bxg2+ 28. Kg1 Nb7 29. a4 Qxa4 30. f5 Qc6 31. fxe6+ fxe6 32. Re2 Bd5 33. Rd4 Rh5
34. c4 Bxd4 35. Qxd4 Rg5+ 36. Kf2 0-1

[Event "Lichtenrader Herbst 2007"]
[Site "?"]
[Date "2007.10.20"]
[Round "7.5"]
[White "Figura, Atila Gajo"]
[Black "Behrmann, Joachim"]
[Result "1-0"]
[WhiteElo "2413"]
[BlackElo "2212"]
[PlyCount "57"]
[EventDate "2007.??.??"]

1. d4 d5 2. c4 e6 3. Nf3 Nf6 4. g3 c5 5. Bg2 Nc6 6. O-O Be7 7. cxd5 exd5 8.
dxc5 Bxc5 9. Qc2 Qe7 10. Bg5 O-O 11. Bxf6 gxf6 12. Nc3 Rd8 13. Nh4 d4 14. Nd5
Qd6 15. Nf5 Qe5 16. Nh6+ Kg7 17. Qxc5 Kxh6 18. Qc1+ Kg7 19. Nf4 Rd6 20. Qd2 Bd7
21. Rac1 Re8 22. b4 Qb5 23. Bxc6 Bxc6 24. Rc5 Qa6 25. Rfc1 Bb5 26. Nh5+ Kg6 27.
Nxf6 Kxf6 28. Qg5+ Ke6 29. Rxb5 1-0

[Event "Lichtenrader Herbst 2007"]
[Site "?"]
[Date "2007.10.20"]
[Round "7.6"]
[White "Anibar, Ahmed"]
[Black "Wendt, Jan-Dietrich"]
[Result "0-1"]
[WhiteElo "2195"]
[BlackElo "2364"]
[PlyCount "108"]
[EventDate "2007.??.??"]

1. e4 d6 2. d4 Nf6 3. Nc3 g6 4. Bg5 Bg7 5. Qd2 h6 6. Bh4 g5 7. Bg3 Nh5 8. O-O-O
Nc6 9. Nge2 Bd7 10. f3 Nxg3 11. hxg3 e6 12. Kb1 Qe7 13. d5 exd5 14. Nxd5 Qe5
15. Nec3 O-O-O 16. Qf2 Kb8 17. f4 Qe8 18. Be2 Ne7 19. Nxe7 Qxe7 20. Nd5 Qxe4
21. Rhe1 Rhe8 22. Bh5 Qc4 23. Rxe8 Rxe8 24. fxg5 Be6 25. b3 Qc6 26. gxh6 Be5
27. c4 a5 28. Qc2 Qc5 29. Bf3 Rh8 30. h7 f5 31. g4 fxg4 32. Be2 c6 33. Ne7 Qf2
34. Ng6 Bf5 35. Bd3 Bxd3 36. Rxd3 Qxc2+ 37. Kxc2 Rxh7 38. Nxe5 dxe5 39. Rg3 Rg7
40. Kd3 Kc7 41. Ke4 Kd6 42. Kf5 b5 43. cxb5 cxb5 44. Rd3+ Kc5 45. Kxe5 Re7+ 46.
Kf4 Re2 47. Rg3 Rxa2 48. Kxg4 Ra3 49. Kf4 Kb4 50. Re3 Rxb3 51. Rxb3+ Kxb3 52.
g4 Kc4 53. g5 Kd5 54. Kf5 Kd6 0-1

[Event "Lichtenrader Herbst 2007"]
[Site "?"]
[Date "2007.10.20"]
[Round "7.7"]
[White "Giemsa, Stephan"]
[Black "Hein, Carsten"]
[Result "1/2-1/2"]
[WhiteElo "2284"]
[BlackElo "2133"]
[PlyCount "69"]
[EventDate "2007.??.??"]

1. d4 Nf6 2. c4 d6 3. Nc3 g6 4. e4 Bg7 5. Bd3 O-O 6. Nge2 c6 7. O-O a6 8. f4 e5
9. fxe5 dxe5 10. d5 b5 11. Kh1 bxc4 12. Bxc4 cxd5 13. exd5 Nbd7 14. b3 e4 15.
Nd4 Ne5 16. Bg5 Qc7 17. d6 Qa5 18. Bxf6 Qxc3 19. Bxg7 Kxg7 20. Rc1 Qe3 21. Nc2
Qc5 22. Qd5 Qxd5 23. Bxd5 Ra7 24. Bxe4 Rd7 25. Rfd1 Rfd8 26. Ne3 Rxd6 27. Rxd6
Rxd6 28. Rxc8 Ng4 29. Nf5+ gxf5 30. Bf3 Rd2 31. h3 Ne5 32. Bh5 Rxa2 33. Rc5 Kf6
34. Kh2 Rb2 35. Rc3 1/2-1/2

[Event "Lichtenrader Herbst 2007"]
[Site "?"]
[Date "2007.10.20"]
[Round "7.8"]
[White "Richter, Götz"]
[Black "Lüders, Gerhard"]
[Result "0-1"]
[WhiteElo "2049"]
[BlackElo "2282"]
[PlyCount "56"]
[EventDate "2007.??.??"]

1. e4 c5 2. Nf3 d6 3. d4 cxd4 4. Nxd4 Nf6 5. Nc3 a6 6. Be3 e5 7. Nf3 Be7 8. Bc4
O-O 9. Bg5 Be6 10. Qd3 b5 11. Bxf6 Bxf6 12. Bd5 Ra7 13. O-O Be7 14. b4 Rc7 15.
a4 Qc8 16. Ra3 bxa4 17. Rc1 Nd7 18. Nxa4 Bxd5 19. exd5 Qb7 20. Rb1 f5 21. Qb3
Rfc8 22. c3 Bf6 23. Nd2 e4 24. Nc5 dxc5 25. bxc5 Qxb3 26. Nxb3 Nxc5 27. Na5 Nd3
28. Nc6 Ne5 0-1

[Event "Lichtenrader Herbst 2007"]
[Site "?"]
[Date "2007.10.20"]
[Round "7.9"]
[White "Meißner, Hans-Jürgen"]
[Black "Grassi, Fabrizio"]
[Result "1/2-1/2"]
[WhiteElo "2221"]
[BlackElo "1912"]
[PlyCount "46"]
[EventDate "2007.??.??"]

1. e4 d5 2. exd5 Nf6 3. d4 Nxd5 4. Nf3 Bg4 5. c4 Nb6 6. c5 N6d7 7. Qb3 Nc6 8.
Nbd2 e5 9. Bc4 Nxd4 10. Bxf7+ Ke7 11. Nxd4 Nxc5 12. Qc4 Qxd4 13. O-O g6 14. Nb3
Qxc4 15. Bxc4 Nxb3 16. Bg5+ Kd7 17. Bxb3 Bc5 18. h3 Be6 19. Rfd1+ Bd4 20. Bf6
Bxb3 21. axb3 Rhe8 22. Bxe5 Rxe5 23. Rxd4+ Ke6 1/2-1/2

[Event "Lichtenrader Herbst 2007"]
[Site "?"]
[Date "2007.10.20"]
[Round "7.10"]
[White "Hahlbohm, Matthias"]
[Black "Radovanovic, Jovica"]
[Result "0-1"]
[WhiteElo "2111"]
[BlackElo "2355"]
[PlyCount "120"]
[EventDate "2007.??.??"]

1. e4 c5 2. Nf3 d6 3. d4 cxd4 4. Nxd4 Nf6 5. Nc3 a6 6. Bc4 e6 7. Bb3 Nbd7 8.
Bxe6 fxe6 9. Nxe6 Qa5 10. O-O Ne5 11. Nxf8 Nf7 12. Be3 Kxf8 13. f4 Be6 14. h3
Rc8 15. Bd4 Kg8 16. Qe1 h5 17. Rf2 h4 18. Qe3 Rh6 19. Rd1 Re8 20. a3 Qh5 21.
Re1 Nd8 22. Qd3 Nc6 23. Be3 Bf7 24. Kh1 Rg6 25. Rf3 Rg3 26. Rxg3 hxg3 27. Bb6
Bg6 28. Re3 Nd7 29. Bd4 Nxd4 30. Qxd4 Qc5 31. Qd3 Nf6 32. b4 Qc6 33. f5 Bf7 34.
Rxg3 Nxe4 35. Nxe4 Qxe4 36. Qxd6 Qxf5 37. Qd2 Qe5 38. Kh2 Re6 39. Qd8+ Re8 40.
Qd7 b5 41. Qb7 Re6 42. Qc8+ Kh7 43. Qd8 Rg6 44. Qh4+ Kg8 45. c3 Be8 46. c4
Qxg3+ 47. Qxg3 Rxg3 48. Kxg3 bxc4 49. Kf4 Bc6 50. g4 g5+ 51. Ke3 Kf7 52. Kd4
Bb5 53. a4 Bxa4 54. Kxc4 Ke6 55. Kd4 Bc6 56. Kc5 Bg2 57. b5 axb5 58. Kxb5 Bxh3
59. Kc4 Ke5 60. Kd3 Kf4 0-1

[Event "Lichtenrader Herbst 2007"]
[Site "?"]
[Date "2007.10.20"]
[Round "7.11"]
[White "Rahls, Peter"]
[Black "Dimitrijeski, Kristian"]
[Result "1-0"]
[WhiteElo "2258"]
[BlackElo "2108"]
[PlyCount "73"]
[EventDate "2007.??.??"]

1. e4 c6 2. d4 d5 3. Nc3 dxe4 4. Nxe4 Nd7 5. Nf3 Ngf6 6. Ng3 e6 7. Bd3 Bd6 8.
O-O O-O 9. Re1 Qc7 10. Qe2 Bf4 11. Ne5 Bxc1 12. Raxc1 b6 13. c4 Bb7 14. Rcd1
Rad8 15. b4 c5 16. dxc5 bxc5 17. b5 Qxe5 18. Qxe5 Nxe5 19. Rxe5 Nd7 20. Ree1
Nb6 21. Bf1 Na4 22. f3 Nb2 23. Rb1 Rd2 24. a4 Rfd8 25. Re5 Rc8 26. a5 a6 27. b6
Nd3 28. Bxd3 Rxd3 29. Ne4 Bxe4 30. fxe4 Kf8 31. b7 Rb8 32. Rxc5 Ke7 33. Rc6 Rd7
34. Rcb6 Rc7 35. c5 Kd7 36. Rd1+ Ke7 37. c6 1-0

[Event "Lichtenrader Herbst 2007"]
[Site "?"]
[Date "2007.10.20"]
[Round "7.12"]
[White "Spieß, Gregor"]
[Black "Jahnz, Fabian"]
[Result "1-0"]
[WhiteElo "2075"]
[BlackElo "2193"]
[PlyCount "65"]
[EventDate "2007.??.??"]

1. d4 d5 2. Bf4 c5 3. e4 dxe4 4. d5 Nf6 5. Nc3 a6 6. a4 g6 7. Bc4 Bg7 8. Nge2
O-O 9. Qd2 Re8 10. Ng3 Nbd7 11. O-O Nb6 12. Ba2 Bd7 13. a5 Na4 14. Ncxe4 Nxe4
15. Nxe4 Nxb2 16. Nxc5 Bb5 17. Rfe1 Rc8 18. Be3 Na4 19. Nxa4 Bxa4 20. c4 Bxa1
21. Rxa1 Qd6 22. Rb1 Qf6 23. Bd4 Qh4 24. Rb4 Bd7 25. Rxb7 Bf5 26. Qe3 Rb8 27.
Rxb8 Rxb8 28. Qe5 f6 29. Qxb8+ Kg7 30. Qb2 Qe4 31. Qd2 h5 32. f3 Qh4 33. Bf2
1-0

[Event "Lichtenrader Herbst 2007"]
[Site "?"]
[Date "2007.10.20"]
[Round "7.14"]
[White "Jaeger, Andre"]
[Black "Gebigke, Martin"]
[Result "0-1"]
[WhiteElo "2050"]
[BlackElo "2181"]
[PlyCount "80"]
[EventDate "2007.??.??"]

1. d4 Nf6 2. c4 c5 3. Nf3 cxd4 4. Nxd4 b6 5. Nc3 Bb7 6. Bg5 e6 7. e3 a6 8. Nf3
Be7 9. Bd3 O-O 10. O-O d6 11. Qc2 Nbd7 12. Rad1 Re8 13. Bh4 Rc8 14. Ng5 h6 15.
Nge4 Ne5 16. Bxf6 gxf6 17. Qe2 f5 18. Ng3 Nxd3 19. Qxd3 Qc7 20. Qd4 Qxc4 21.
Qxb6 Qc6 22. Qxc6 Rxc6 23. Nge2 Rec8 24. Nd4 Rc4 25. f3 d5 26. Nce2 a5 27. b3
R4c7 28. Rc1 Ba6 29. Rxc7 Rxc7 30. Rc1 Rxc1+ 31. Nxc1 f4 32. Kf2 Bc5 33. Nc2 f5
34. g3 fxe3+ 35. Nxe3 e5 36. f4 e4 37. Ne2 Kf7 38. h3 d4 39. Nxf5 d3+ 40. Ned4
d2 0-1

[Event "Lichtenrader Herbst 2007"]
[Site "?"]
[Date "2007.10.20"]
[Round "7.15"]
[White "Vandré, Wolfgang"]
[Black "Zschäbitz, Klaus"]
[Result "0-1"]
[WhiteElo "2172"]
[BlackElo "2101"]
[PlyCount "78"]
[EventDate "2007.??.??"]

1. d4 Nf6 2. c4 g6 3. Nc3 Bg7 4. e4 d6 5. f3 a6 6. Be3 c6 7. a4 Nfd7 8. a5 O-O
9. Bd3 c5 10. Nge2 Nc6 11. d5 Nb4 12. Nc1 b6 13. Be2 bxa5 14. Nb3 Nb6 15. Nxa5
f5 16. O-O Qc7 17. Qd2 Rf7 18. exf5 Bxf5 19. g4 Bd7 20. Ne4 Na4 21. Nb3 a5 22.
Ng5 Rff8 23. Rab1 Qc8 24. Nc1 Nb6 25. Rf2 a4 26. Bf1 Qa6 27. Qe2 Rae8 28. Bd2
Nc2 29. Bc3 Nd4 30. Qd3 Nxc4 31. Qxc4 Bb5 32. Qa2 Bxf1 33. Rxf1 h6 34. Ne4
Nxf3+ 35. Rxf3 Rxf3 36. Nf2 Ref8 37. Ncd3 Rxd3 38. Bxg7 Rxf2 39. Kxf2 Rd2+ 0-1

[Event "Lichtenrader Herbst 2007"]
[Site "?"]
[Date "2007.10.20"]
[Round "7.16"]
[White "Glantz, Robert"]
[Black "Günther, Thomas"]
[Result "1/2-1/2"]
[WhiteElo "2018"]
[BlackElo "2164"]
[PlyCount "89"]
[EventDate "2007.??.??"]

1. e4 c5 2. Nf3 Nc6 3. Bb5 g6 4. Bxc6 dxc6 5. d3 Bg4 6. Nbd2 Bg7 7. h3 Bxf3 8.
Nxf3 Qd6 9. O-O e5 10. Be3 Nf6 11. Nd2 Nd7 12. f4 exf4 13. Bxf4 Qd4+ 14. Kh1
Ne5 15. Nf3 Nxf3 16. Qxf3 O-O 17. c3 Qd7 18. Rad1 Qe6 19. a3 Rad8 20. Be3 b6
21. d4 cxd4 22. cxd4 f5 23. e5 Rd5 24. Rc1 Re8 25. Rc2 c5 26. dxc5 Rd3 27. cxb6
axb6 28. Qe2 Qd5 29. Rd2 Rxd2 30. Qxd2 Qxd2 31. Bxd2 Rxe5 32. Bc3 Re2 33. Bxg7
Kxg7 34. b4 b5 35. Rc1 Re3 36. Rc7+ Kh6 37. Ra7 Kg5 38. Rxh7 Rxa3 39. Rb7 Kf4
40. Kh2 g5 41. Rxb5 Rb3 42. Rb8 Rb2 43. b5 Rb3 44. b6 Rb2 45. Rb7 1/2-1/2

[Event "Lichtenrader Herbst 2007"]
[Site "?"]
[Date "2007.10.20"]
[Round "7.17"]
[White "Dünzel, Jonas"]
[Black "Salzberg, Gregor"]
[Result "1-0"]
[WhiteElo "1902"]
[BlackElo "2142"]
[PlyCount "119"]
[EventDate "2007.??.??"]

1. e4 e6 2. d4 d5 3. Nc3 dxe4 4. Nxe4 Nd7 5. Nf3 Ngf6 6. Nxf6+ Nxf6 7. Bd3 c5
8. O-O cxd4 9. Nxd4 Be7 10. c3 O-O 11. Qc2 Qc7 12. g3 a6 13. Be3 b5 14. a4 e5
15. Nf5 Bxf5 16. Bxf5 g6 17. Bh3 b4 18. c4 Bc5 19. Bxc5 Qxc5 20. Bg2 Rad8 21.
Rad1 a5 22. b3 Kg7 23. Rd2 Rd4 24. Rxd4 exd4 25. Rd1 Rd8 26. Qd3 Rd7 27. Kf1 h5
28. Kg1 g5 29. Kf1 Ng4 30. Bd5 Nxh2+ 31. Kg2 Ng4 32. Qf5 d3 33. Rxd3 Qe7 34.
Bxf7 Ne5 35. Rxd7 Qxd7 36. Qxg5+ Kxf7 37. Qxe5 Kg6 38. c5 Qb7+ 39. f3 Qf7 40.
Qe4+ Kg7 41. Qd4+ Kg8 42. Qd8+ Kg7 43. Qd3 Qe6 44. Qd4+ Kg8 45. Qd3 Qc6 46. Qd6
Qe8 47. Qd5+ Kg7 48. c6 Qe2+ 49. Kh3 Qf1+ 50. Kh4 Qg2 51. Qg5+ Kf8 52. Qf5+ Ke7
53. c7 Qh2+ 54. Qh3 Qb2 55. c8=Q Qf6+ 56. Kxh5 Qf7+ 57. Kg4 Qg7+ 58. Kf4 Qf7+
59. Ke4 Qg6+ 60. Qhf5 1-0

[Event "Lichtenrader Herbst 2007"]
[Site "?"]
[Date "2007.10.20"]
[Round "7.18"]
[White "Welz, Peter"]
[Black "Röblitz, Peter"]
[Result "1-0"]
[WhiteElo "2139"]
[BlackElo "1962"]
[PlyCount "61"]
[EventDate "2007.??.??"]

1. e4 e5 2. Nf3 Nc6 3. d4 exd4 4. Nxd4 Bc5 5. Nb3 Bb4+ 6. c3 Be7 7. g3 d6 8.
Bg2 h5 9. h3 Bf6 10. Be3 Nge7 11. Na3 Ng6 12. Nd4 Bd7 13. Qc2 a6 14. Nc4 Rb8
15. f4 b5 16. Nxc6 Bxc6 17. Na5 Ba8 18. O-O c5 19. Nb3 Qc7 20. Rae1 Be7 21. e5
d5 22. e6 Nf8 23. exf7+ Kd8 24. Rd1 d4 25. cxd4 c4 26. Nc5 Bxg2 27. Qxg2 Rh6
28. f5 Rc6 29. Ne6+ Rxe6 30. fxe6 Nxe6 31. d5 1-0

[Event "Lichtenrader Herbst 2007"]
[Site "?"]
[Date "2007.10.20"]
[Round "7.19"]
[White "Durth, Konrad"]
[Black "Benninger, Rudolf"]
[Result "0-1"]
[WhiteElo "1798"]
[BlackElo "2130"]
[PlyCount "72"]
[EventDate "2007.??.??"]

1. e4 g6 2. c4 Bg7 3. d4 c5 4. Nf3 Qb6 5. dxc5 Qxc5 6. Nc3 d6 7. Be3 Qa5 8. Bd4
Nf6 9. Bd3 Bg4 10. Qb3 O-O 11. Qb5 Qxb5 12. Nxb5 Nc6 13. Bc3 Bxf3 14. gxf3 a6
15. Nc7 Rac8 16. Nd5 Nxd5 17. cxd5 Bxc3+ 18. bxc3 Ne5 19. Be2 Rxc3 20. Kd2 Rfc8
21. Rac1 Rxc1 22. Rxc1 Rxc1 23. Kxc1 g5 24. Kd2 Kf8 25. Ke3 Ng6 26. Bf1 Nf4 27.
Kd4 Ke8 28. e5 Kd7 29. Ke4 dxe5 30. Kxe5 f6+ 31. Kd4 Kd6 32. Bc4 b5 33. Bb3 a5
34. a3 a4 35. Ba2 Ne2+ 36. Ke3 Nc3 0-1

[Event "Lichtenrader Herbst 2007"]
[Site "?"]
[Date "2007.10.20"]
[Round "7.20"]
[White "Issel, Oliver"]
[Black "Kiesewetter, Peter"]
[Result "1-0"]
[WhiteElo "2113"]
[BlackElo "1689"]
[PlyCount "177"]
[EventDate "2007.??.??"]

1. g3 e6 2. Bg2 d5 3. Nf3 c6 4. O-O Nf6 5. d3 Nbd7 6. Nbd2 Be7 7. e4 Qc7 8. Re1
e5 9. Qe2 Bd6 10. d4 dxe4 11. Nxe4 Nxe4 12. Qxe4 Nf6 13. Qh4 e4 14. Nd2 Bf5 15.
Nxe4 Bxe4 16. Bxe4 O-O-O 17. Bg5 Be7 18. Bf5+ Kb8 19. Bf4 Bd6 20. Bxd6 Qxd6 21.
c3 Rde8 22. Bc2 Re7 23. Qg5 Rhe8 24. Qd2 c5 25. Rxe7 Rxe7 26. Re1 Rxe1+ 27.
Qxe1 cxd4 28. Qd2 d3 29. Qxd3 Qb6 30. Bb3 Ng4 31. Qf5 Nf6 32. Qe5+ Ka8 33. Qe7
a5 34. h3 a4 35. Qa3 Kb8 36. Qxa4 Qc7 37. Qd4 Qe7 38. Kf1 Qc7 39. f4 Qc8 40.
Kg2 Qc6+ 41. Kg1 Qf3 42. Qf2 Qd3 43. Bc2 Qd5 44. a3 Ne4 45. Qe3 f5 46. Bxe4
fxe4 47. Qd4 Qa2 48. Qxe4 Qa1+ 49. Kf2 Qxb2+ 50. Qe2 Qxa3 51. Qe5+ Ka8 52. Qxg7
Qa2+ 53. Kf3 Qb1 54. Kg4 Qd1+ 55. Kh4 Qd8+ 56. Qg5 Qc8 57. Qa5+ Kb8 58. Qe5+
Ka8 59. g4 Qf8 60. g5 h6 61. Qf6 hxg5+ 62. fxg5 Qg8 63. g6 Qc4+ 64. Qd4 Qe6 65.
Qa4+ Kb8 66. Qf4+ Ka7 67. g7 Qe7+ 68. Qg5 Qe4+ 69. Kg3 Qe1+ 70. Kf4 Qd2+ 71.
Kg4 Qe2+ 72. Kf5 Qf3+ 73. Kg6 Qd3+ 74. Kf7 Qd7+ 75. Kg6 Qd3+ 76. Qf5 Qg3+ 77.
Qg4 Qd6+ 78. Kh7 Qd3+ 79. Kh6 Qe3+ 80. Kh5 Qe5+ 81. Kg6 Qd6+ 82. Kf5 Qd7+ 83.
Kf4 Qd2+ 84. Kf3 Qxc3+ 85. Kg2 Qd2+ 86. Kh1 Qd5+ 87. Kh2 Qd2+ 88. Qg2 Qd6+ 89.
Kh1 1-0

[Event "Lichtenrader Herbst 2007"]
[Site "?"]
[Date "2007.10.21"]
[Round "8.1"]
[White "Korneev, Oleg"]
[Black "Marcziter, Dmitrii"]
[Result "1-0"]
[WhiteElo "2587"]
[BlackElo "2249"]
[PlyCount "71"]
[EventDate "2007.??.??"]

1. e4 c5 2. Nf3 d6 3. d4 cxd4 4. Nxd4 Nf6 5. Nc3 a6 6. Be3 e6 7. g4 h6 8. h3 b5
9. Bg2 Bb7 10. a3 Nbd7 11. Qe2 Rc8 12. O-O Be7 13. e5 Bxg2 14. exf6 Bxf1 15.
fxe7 Bxe2 16. exd8=Q+ Kxd8 17. Ncxe2 Nc5 18. Rd1 Ke7 19. Nf4 Rhd8 20. c3 Kf8
21. Nd3 Nxd3 22. Rxd3 Rc4 23. Nb3 Ke7 24. Na5 Rcc8 25. f4 Rd7 26. Kf2 d5 27. b4
f6 28. Nb3 Ra8 29. Nc5 Rc7 30. f5 exf5 31. gxf5 a5 32. Rxd5 axb4 33. axb4 Ra2+
34. Kf3 Rc2 35. Ne4 Rd7 36. Rxb5 1-0

[Event "Lichtenrader Herbst 2007"]
[Site "?"]
[Date "2007.10.21"]
[Round "8.2"]
[White "Wendt, Jan-Dietrich"]
[Black "Rabiega, Robert"]
[Result "1/2-1/2"]
[WhiteElo "2364"]
[BlackElo "2545"]
[PlyCount "74"]
[EventDate "2007.??.??"]

1. d4 d5 2. c4 Nc6 3. Nc3 dxc4 4. e3 e5 5. Nf3 exd4 6. exd4 Bd6 7. Bxc4 Nf6 8.
O-O O-O 9. h3 h6 10. Qc2 Na5 11. Bd3 Nc6 12. a3 Re8 13. Bd2 a6 14. Rfe1 Be6 15.
Rxe6 fxe6 16. Re1 Qd7 17. Bc4 Qf7 18. Ba2 Nd5 19. Rxe6 Rxe6 20. Bxd5 Ne7 21.
Ba2 c6 22. Qb3 Nd5 23. Nxd5 cxd5 24. Qxd5 Rf6 25. Qxb7 Qxa2 26. Qxa8+ Kh7 27.
Qe4+ Kg8 28. Bc3 Qc4 29. Qe1 Qd5 30. Ne5 Bc7 31. Ng4 Re6 32. Ne3 Qe4 33. Qd1
Rg6 34. Qc2 Rxg2+ 35. Kf1 Qxc2 36. Nxc2 Rh2 37. Nb4 Ba5 1/2-1/2